| Tag |
First Indicator |
Second Indicator |
Subfields |
| LEADER |
00000cam a22000001a 4500 |
| 001 |
in00002812618 |
| 005 |
20190331184704.0 |
| 006 |
m o d |
| 007 |
cr un mmmapmmp |
| 008 |
090210s1826 dcud o f000 0 eng d |
| 035 |
|
|
|a cis2004315933
|
| 040 |
|
|
|a UMI
|c UMI
|d UtOrBLW
|
| 043 |
|
|
|a n-us---
|
| 099 |
|
|
|a ProQuest Serial Set Number 255 H.doc.62
|
| 245 |
0 |
0 |
|a Militia. Report of a Board of Officers in relation to the organization of the militia, accompanying the annual message of the President of the United States at the commencement of the 2d session of the 19th Congress.
|
| 246 |
1 |
|
|a Report of board of officers in November, 1826, on organization of militia
|
| 264 |
|
1 |
|a Washington :
|b [publisher not identified],
|c 1826.
|
| 300 |
|
|
|a 1 online resource.
|
| 336 |
|
|
|a text
|b txt
|2 rdacontent
|
| 337 |
|
|
|a computer
|b c
|2 rdamedia
|
| 338 |
|
|
|a online resource
|b cr
|2 rdacarrier
|
| 490 |
0 |
|
|a H.doc.62
|
| 500 |
|
|
|a Record is based on bibliographic data in ProQuest U.S. Serial Set Digital Collection (last viewed Feb. 2009). Reuse except for individual research requires license from ProQuest, LLC.
|
| 510 |
3 |
|
|a ProQuest U.S. Serial Set Digital Collection
|
| 500 |
|
|
|a Electronic resource.
|
| 650 |
|
0 |
|a Armed Forces.
|
| 650 |
|
0 |
|a Armed Forces
|x Officers.
|
| 650 |
|
0 |
|a Militia.
|
| 655 |
|
7 |
|a Electronic books.
|2 local
|
| 710 |
2 |
|
|a ProQuest (Firm)
|
| 830 |
|
0 |
|a United States congressional serial set.
|
| 856 |
4 |
0 |
|u http://proxy.library.tamu.edu/login?url=http://congressional.proquest.com/congcomp/getdoc?SERIAL-SET-ID=255+H.doc.62
|z Connect to the full text of this electronic book
|t 0
|
| 999 |
|
|
|a MARS
|
| 999 |
f |
f |
|s ad3a77a9-30f5-31e3-9ac7-194886640b81
|i 5b316348-b6d1-3d2d-857a-1bc657f57f20
|t 0
|
| 952 |
f |
f |
|a Texas A&M University
|b College Station
|c Electronic Resources
|d Available Online
|t 0
|e ProQuest Serial Set Number 255 H.doc.62
|h Other scheme
|
| 998 |
f |
f |
|a ProQuest Serial Set Number 255 H.doc.62
|t 0
|l Available Online
|